[Event "Mecklenburg VP Verbandsliga 1920"]
[Site "Mecklenburg VP"]
[Date "2019.12.08"]
[Round "4.6"]
[White "Grehl, Tino"]
[Black "Vladov, Mark"]
[Result "1-0"]
[WhiteElo "1994"]
[BlackElo "1738"]
[PlyCount "69"]
[EventDate "2019.09.29"]
[EventType "team-tourn"]
[EventRounds "9"]
[EventCountry "GER"]
[SourceTitle "EXT 2023"]
[Source "ChessBase"]
[SourceDate "2022.10.05"]
[SourceVersion "1"]
[SourceVersionDate "2022.10.05"]
[SourceQuality "1"]
[WhiteTeam "Greifswald II"]
[BlackTeam "Rostock Turbine"]
[WhiteTeamCountry "GER"]
[BlackTeamCountry "GER"]

1. c4 Nf6 2. Nc3 c5 3. e4 Nc6 4. d3 d6 5. h3 e6 6. Bg5 h6 7. Bh4 Be7 8. Bg3 0-0 9. Nf3 Bd7 10. Be2 a6 11. 0-0 Nh7 12. d4 Nxd4 13. Nxd4 cxd4 14. Qxd4 Bc6 15. Rad1 e5 16. Qd2 Qc8 17. f3 Rd8 18. Qc1 Bg5 19. f4 exf4 20. Bxf4 Qe6 21. Bd3 Rac8 22. Bxg5 Nxg5 23. Qf4 Qg6 24. Kh2 Ne6 25. Qf2 Qh5 26. Nd5 Bxd5 27. exd5 Nc5 28. Bb1 Qe5+ 29. Kg1 Rc7 30. Rde1 Qh5 31. Qc2 g6 32. b3 Nd7 33. Re7 Qh4 34. Rfxf7 Ne5 35. Rxc7 1-0

[Event "Mecklenburg VP VL1819"]
[Site "Mecklenburg VP"]
[Date "2019.02.24"]
[Round "6.6"]
[White "Vladov, Mark"]
[Black "Helms, Sven"]
[Result "0-1"]
[WhiteElo "1639"]
[BlackElo "1913"]
[PlyCount "88"]
[EventDate "2018.10.21"]
[EventType "team-tourn"]
[EventRounds "9"]
[EventCountry "GER"]
[SourceTitle "EXT 2022"]
[Source "ChessBase"]
[SourceDate "2021.10.06"]
[SourceVersion "1"]
[SourceVersionDate "2021.10.06"]
[SourceQuality "1"]
[WhiteTeam "Warnemuende SF Ostsee"]
[BlackTeam "Schwerin SF II"]
[WhiteTeamCountry "GER"]
[BlackTeamCountry "GER"]

1. Nf3 Nf6 2. g3 e6 3. d4 d5 4. Bg2 Be7 5. 0-0 0-0 6. Nbd2 c5 7. dxc5 Bxc5 8. c4 Nc6 9. cxd5 exd5 10. Nb3 Bb6 11. Nbd4 Qe7 12. a3 Bg4 13. h3 Bxf3 14. Nxf3 Rfe8 15. e3 Rad8 16. Nd4 Ne4 17. Kh2 Qf6 18. f3 Nd6 19. Nxc6 bxc6 20. Re1 Nf5 21. f4 Nxe3 22. Bxe3 Rxe3 23. Rxe3 Bxe3 24. Qc2 c5 25. Rd1 h5 26. f5 h4 27. g4 Qe5+ 28. Kh1 Bd4 29. b3 Qg3 30. Qd3 Qf4 31. Rf1 Qe5 32. g5 Be3 33. g6 Qd4 34. Qe2 f6 35. Qh5 Bh6 36. Rd1 Qe5 37. Qf3 d4 38. Qd3 Re8 39. Rf1 Qe2 40. Bd5+ Kf8 41. Qb1 Re3 42. Bg2 Rg3 43. Rg1 Bf4 44. Qf1 Rxh3+ 0-1

[Event "Mecklenburg VP VL1819"]
[Site "Mecklenburg VP"]
[Date "2018.11.11"]
[Round "2.6"]
[White "Borchert, Chris"]
[Black "Vladov, Mark"]
[Result "1-0"]
[WhiteElo "2030"]
[BlackElo "1639"]
[PlyCount "29"]
[EventDate "2018.10.21"]
[EventType "team-tourn"]
[EventRounds "9"]
[EventCountry "GER"]
[SourceTitle "EXT 2022"]
[Source "ChessBase"]
[SourceDate "2021.10.06"]
[SourceVersion "1"]
[SourceVersionDate "2021.10.06"]
[SourceQuality "1"]
[WhiteTeam "Wismar ASV Gruen-Weiss"]
[BlackTeam "Warnemuende SF Ostsee"]
[WhiteTeamCountry "GER"]
[BlackTeamCountry "GER"]

1. d4 Nf6 2. Bg5 e6 3. e3 b6 4. Bd3 Bb7 5. Nf3 h6 6. Bxf6 Qxf6 7. Nbd2 c5 8. 0-0 Be7 9. Ne5 h5 10. f4 d6 11. Ne4 Qh6 12. Qf3 d5 13. Bb5+ Kf8 14. Ng5 Rg8 15. Nexf7 1-0

[Event "Rostock SSC op 17th"]
[Site "Rostock"]
[Date "2018.07.13"]
[Round "4.23"]
[White "Vladov, Mark"]
[Black "Menkhaus, Wolf Dieter"]
[Result "1-0"]
[WhiteElo "1762"]
[BlackElo "1894"]
[PlyCount "119"]
[EventDate "2018.07.11"]
[EventType "swiss"]
[EventRounds "7"]
[EventCountry "GER"]
[SourceTitle "EXT 2019"]
[Source "ChessBase"]
[SourceDate "2018.10.10"]
[SourceVersion "1"]
[SourceVersionDate "2018.10.10"]
[SourceQuality "1"]

1. Nf3 d5 2. g3 c5 3. d4 Nc6 4. Bg2 Nf6 5. 0-0 cxd4 6. Nxd4 e6 7. c4 Qb6 8. Nxc6 bxc6 9. Qc2 Ba6 10. b3 Rc8 11. Nc3 Be7 12. Na4 Qc7 13. Bb2 0-0 14. f4 Nd7 15. Rac1 Qa5 16. a3 Nb6 17. Bc3 Qxa4 18. bxa4 Nxc4 19. Qd3 Bxa3 20. Ra1 Bd6 21. Qd4 e5 22. Qxa7 Ra8 23. Qf2 d4 24. fxe5 dxc3 25. exd6 Nxd6 26. Qc5 Nc4 27. Rac1 Nd2 28. Qxc3 Nxf1 29. Bxf1 Bb7 30. a5 c5 31. Bg2 Bxg2 32. Kxg2 Rfc8 33. Ra1 h6 34. Ra4 c4 35. a6 Rc6 36. Rxc4 Rcxa6 37. Rc8+ Kh7 38. Qd3+ g6 39. Rxa8 Rxa8 40. Qd7 Kg7 41. Kf3 Ra3+ 42. e3 Ra2 43. h4 Ra6 44. Qd4+ Kg8 45. g4 Re6 46. e4 Kh7 47. Kf4 Kg8 48. e5 Kg7 49. Ke4 Kh7 50. Qd7 Kg7 51. Kd5 Ra6 52. Qc7 Re6 53. Qb7 Re8 54. Qd7 Kf8 55. Qd6+ Kg8 56. h5 gxh5 57. gxh5 Re6 58. Qxe6 fxe6+ 59. Kxe6 Kg7 60. Ke7 1-0

[Event "Mecklenburg VP VL 1718"]
[Site "Mecklenburg VP"]
[Date "2018.04.08"]
[Round "8.7"]
[White "Vladov, Mark"]
[Black "Winkler, Karl"]
[Result "1/2-1/2"]
[WhiteElo "1615"]
[BlackElo "1829"]
[PlyCount "84"]
[EventDate "2017.10.08"]
[EventType "team-tourn"]
[EventRounds "9"]
[EventCountry "GER"]
[SourceTitle "EXT 2022"]
[Source "ChessBase"]
[SourceDate "2021.10.06"]
[SourceVersion "1"]
[SourceVersionDate "2021.10.06"]
[SourceQuality "1"]
[WhiteTeam "Warnemuende SF Ostsee"]
[BlackTeam "Neubrandenburg SG Eintracht"]
[WhiteTeamCountry "GER"]
[BlackTeamCountry "GER"]

1. c4 Nf6 2. g3 e6 3. Nc3 d5 4. Bg2 d4 5. Ne4 Nxe4 6. Bxe4 e5 7. d3 Bb4+ 8. Bd2 Bxd2+ 9. Qxd2 c6 10. Bg2 a5 11. f4 f6 12. fxe5 fxe5 13. Nf3 Qe7 14. 0-0 0-0 15. Ng5 Nd7 16. Rxf8+ Nxf8 17. Rf1 Qb4 18. Qc2 Be6 19. a3 Qe7 20. Ne4 c5 21. Qc1 Rb8 22. Ng5 h6 23. Nxe6 Nxe6 24. Bd5 Kh8 25. Rf5 Qd6 26. Qf1 b6 27. Qf3 Rd8 28. Qe4 Nc7 29. Rxe5 Nxd5 30. Rxd5 Qc7 31. Qe6 Rf8 32. Rd7 Qc8 33. Qe7 Rg8 34. Rc7 Qe8 35. Kg2 Qa8+ 36. Kh3 Qh1 37. Rd7 Qf1+ 38. Kg4 Qf2 39. Rd8 Qxh2 40. Rxg8+ Kxg8 41. Qe6+ Kf8 42. Qf5+ Kg8 1/2-1/2

[Event "Rostock SSC op 16th"]
[Site "Rostock"]
[Date "2017.07.29"]
[Round "6"]
[White "Kliewe, Hans Juergen"]
[Black "Vladov, Mark"]
[Result "1-0"]
[WhiteElo "2020"]
[BlackElo "1773"]
[PlyCount "63"]
[EventDate "2017.07.26"]
[EventType "swiss"]
[EventRounds "7"]
[EventCountry "GER"]
[SourceTitle "EXT 2018"]
[Source "ChessBase"]
[SourceDate "2017.10.13"]
[SourceVersion "1"]
[SourceVersionDate "2017.10.13"]
[SourceQuality "1"]

1. d4 Nf6 2. Nf3 d5 3. Bf4 e6 4. e3 Nbd7 5. c4 Be7 6. h3 0-0 7. Nc3 c5 8. cxd5 exd5 9. Bd3 cxd4 10. exd4 Bb4 11. 0-0 Bxc3 12. bxc3 Re8 13. Qb3 Qa5 14. c4 Nb6 15. c5 Nbd7 16. Rfe1 Qd8 17. Rxe8+ Qxe8 18. Re1 Qd8 19. Bd6 Nf8 20. Be7 Qd7 21. Re5 Ng6 22. Bxg6 hxg6 23. Bxf6 gxf6 24. Rxd5 Qe7 25. Rd6 Be6 26. Qe3 Re8 27. d5 Bf5 28. Qxe7 Rxe7 29. c6 Kg7 30. Nd4 Bd3 31. Rd7 Kf8 32. c7 1-0

[Event "MVP-ch Seniors op 16th"]
[Site "Binz"]
[Date "2016.11.26"]
[Round "4.72"]
[White "Schreiner, Juergen"]
[Black "Vladov, Mark"]
[Result "0-1"]
[WhiteElo "1607"]
[BlackElo "1770"]
[PlyCount "60"]
[EventDate "2016.11.23"]
[EventType "swiss"]
[EventRounds "9"]
[EventCountry "GER"]
[SourceTitle "EXT 2018"]
[Source "ChessBase"]
[SourceDate "2017.10.13"]
[SourceVersion "1"]
[SourceVersionDate "2017.10.13"]
[SourceQuality "1"]

1. e4 g6 2. d4 d6 3. Nf3 Bg7 4. c3 Nf6 5. Bd3 0-0 6. 0-0 Nbd7 7. Be3 e5 8. h3 Re8 9. d5 Nc5 10. Bxc5 dxc5 11. c4 Nh5 12. Nc3 Nf4 13. Ne2 Nxd3 14. Qxd3 f5 15. Nd2 f4 16. Nf3 g5 17. Nh2 h5 18. Qf3 g4 19. hxg4 hxg4 20. Nxg4 Qg5 21. Nh2 Bf6 22. g4 Kf7 23. Qg2 Rh8 24. f3 Bd7 25. Rf2 Rh7 26. Kh1 Rah8 27. Qg1 Rh3 28. Rg2 Rxf3 29. Qxc5 Bd8 30. d6 c6 0-1

[Event "Rostock SSC 07 op 15th"]
[Site "Rostock"]
[Date "2016.07.31"]
[Round "7"]
[White "Vladov, Mark"]
[Black "Kotyk, Michael"]
[Result "1-0"]
[WhiteElo "1801"]
[BlackElo "1857"]
[PlyCount "113"]
[EventDate "2016.07.27"]
[EventType "swiss"]
[EventRounds "7"]
[EventCountry "GER"]
[SourceTitle "EXT 2017"]
[Source "ChessBase"]
[SourceDate "2016.10.25"]
[SourceVersion "1"]
[SourceVersionDate "2016.10.25"]
[SourceQuality "1"]

1. c4 f5 2. d4 Nf6 3. Nc3 e6 4. g3 d5 5. Nf3 Bd6 6. Bg2 c6 7. cxd5 exd5 8. 0-0 Bd7 9. Bg5 0-0 10. Ne5 h6 11. Bxf6 Qxf6 12. Nxd5 cxd5 13. Bxd5+ Be6 14. Bxb7 Nd7 15. Nxd7 Bxd7 16. Bxa8 Rxa8 17. e3 Bc6 18. Qb3+ Kh7 19. d5 Rb8 20. Qc3 Qxc3 21. bxc3 Bb5 22. Rfd1 Bc4 23. Rd4 Rc8 24. f4 Bc5 25. Rdd1 Bxe3+ 26. Kg2 Rd8 27. Kh3 Be2 28. Kg2 Bxd1 29. Rxd1 Bc5 30. Kf3 g5 31. fxg5 hxg5 32. h3 Kg6 33. c4 Re8 34. Rd3 Rd8 35. a3 Kf6 36. g4 f4 37. h4 Re8 38. hxg5+ Kxg5 39. d6 Re3+ 40. Rxe3 Bxe3 41. d7 Bb6 42. c5 Bc7 43. a4 a5 44. c6 Kh4 45. d8Q+ Bxd8 46. Kxf4 Bc7+ 47. Kf5 Bb6 48. g5 Kh5 49. g6 Kh6 50. Kf6 Bd4+ 51. Kf7 Be5 52. c7 Bxc7 53. g7 Be5 54. g8Q Kh5 55. Ke6 Bf4 56. Kf5 Kh6 57. Qg6# 1-0

[Event "Rostock SSC 07 op 15th"]
[Site "Rostock"]
[Date "2016.07.28"]
[Round "3"]
[White "Vladov, Mark"]
[Black "Roehr, Susanne"]
[Result "0-1"]
[WhiteElo "1801"]
[BlackElo "1551"]
[PlyCount "128"]
[EventDate "2016.07.27"]
[EventType "swiss"]
[EventRounds "7"]
[EventCountry "GER"]
[SourceTitle "EXT 2017"]
[Source "ChessBase"]
[SourceDate "2016.10.25"]
[SourceVersion "1"]
[SourceVersionDate "2016.10.25"]
[SourceQuality "1"]

1. Nf3 c5 2. g3 e6 3. Bg2 d5 4. 0-0 Nf6 5. d3 Be7 6. b3 Nc6 7. Bb2 Bd7 8. Nbd2 Qc7 9. c4 d4 10. e3 e5 11. exd4 cxd4 12. a3 0-0 13. b4 Rac8 14. Ng5 Bg4 15. f3 Bf5 16. Nge4 Bg6 17. f4 Nxe4 18. Nxe4 f5 19. Ng5 Bxg5 20. fxg5 Rcd8 21. Bd5+ Kh8 22. Rc1 Ne7 23. Bg2 Ng8 24. Qe2 Rfe8 25. g4 fxg4 26. Be4 Bxe4 27. Qxe4 Qe7 28. Qxg4 Rd6 29. Rce1 Rg6 30. Rf5 Nh6 31. Rfxe5 Qxe5 32. Rxe5 Rxe5 33. Qc8+ Ng8 34. h4 Re1+ 35. Kf2 Rge6 36. Bxd4 R1e2+ 37. Kf3 Re8 38. Qd7 R2e7 39. Qd5 Rf8+ 40. Kg4 Rff7 41. h5 Rd7 42. Qe4 Rfe7 43. Be5 h6 44. gxh6 Nf6+ 45. Bxf6 Rxe4+ 46. dxe4 gxf6 47. Kf5 Rd4 48. c5 Rd3 49. Kxf6 Rxa3 50. e5 Rf3+ 51. Ke7 Rb3 52. e6 Rxb4 53. Kd6 Re4 54. e7 a5 55. Kd7 a4 56. e8Q+ Rxe8 57. Kxe8 a3 58. Kd7 a2 59. Kc7 a1Q 60. Kxb7 Qb2+ 61. Kc7 Qe5+ 62. Kc6 Qxh5 63. Kb6 Qe8 64. Kb7 Qd7+ 0-1

[Event "Mecklenburg VP VL 1516"]
[Site "Mecklenburg VP"]
[Date "2016.03.13"]
[Round "7.8"]
[White "Vladov, Mark"]
[Black "Barth, Richard"]
[Result "1-0"]
[WhiteElo "1686"]
[BlackElo "1501"]
[PlyCount "95"]
[EventDate "2015.09.20"]
[EventType "team-tourn"]
[EventRounds "9"]
[EventCountry "GER"]
[SourceTitle "EXT 2022"]
[Source "ChessBase"]
[SourceDate "2021.10.06"]
[SourceVersion "1"]
[SourceVersionDate "2021.10.06"]
[SourceQuality "1"]
[WhiteTeam "Warnemuende SF Ostsee"]
[BlackTeam "Grevesmuehlen Blau Weiss"]
[WhiteTeamCountry "GER"]
[BlackTeamCountry "GER"]

1. c4 Nf6 2. Nf3 g6 3. d4 Bg7 4. Nc3 0-0 5. g3 d6 6. Bg2 c6 7. 0-0 Qa5 8. e4 Nbd7 9. Rb1 e5 10. b4 Qc7 11. Be3 a6 12. h3 b5 13. cxb5 axb5 14. Rc1 Qb7 15. Qd2 Ne8 16. Bh6 Nb6 17. Bxg7 Kxg7 18. dxe5 Nc4 19. Qd4 Kg8 20. exd6 Nexd6 21. Qf6 Ne8 22. Qh4 f6 23. g4 Qe7 24. e5 g5 25. exf6 Qxf6 26. Qxg5+ Qxg5 27. Nxg5 Ra6 28. Rfe1 Ned6 29. Re7 h6 30. Ne6 Bxe6 31. Rxe6 Kg7 32. Rd1 Rf6 33. Rxf6 Kxf6 34. Ne4+ Nxe4 35. Bxe4 Ke5 36. Re1 Kd4 37. h4 Kc3 38. g5 hxg5 39. hxg5 Kxb4 40. Re2 Kc5 41. f4 Ra7 42. g6 Nd6 43. Rc2+ Nc4 44. f5 Kd6 45. f6 Ne5 46. g7 Ra8 47. Rxc6+ Nxc6 48. f7 1-0

[Event "Niedersachsen-ch op-B"]
[Site "Verden"]
[Date "2016.01.05"]
[Round "5"]
[White "Homann, Christoph"]
[Black "Vladov, Mark"]
[Result "1-0"]
[WhiteElo "1487"]
[BlackElo "1765"]
[PlyCount "55"]
[EventDate "2016.01.03"]
[EventType "swiss"]
[EventRounds "7"]
[EventCountry "GER"]
[SourceTitle "EXT 2018"]
[Source "ChessBase"]
[SourceDate "2017.10.13"]
[SourceVersion "1"]
[SourceVersionDate "2017.10.13"]
[SourceQuality "1"]

1. d4 Nf6 2. c4 g6 3. Nc3 Bg7 4. e4 d6 5. f4 0-0 6. e5 dxe5 7. fxe5 Ne8 8. Nf3 c5 9. d5 Bg4 10. Bf4 f6 11. e6 Nd6 12. h3 Bxf3 13. Qxf3 f5 14. Be2 Qb6 15. Rb1 Bd4 16. Bd2 Qa6 17. a3 b6 18. Nb5 Nxb5 19. cxb5 Qb7 20. b4 a6 21. a4 Rd8 22. Bc4 Ra7 23. g4 axb5 24. axb5 fxg4 25. Qf7+ Kh8 26. hxg4 Bg7 27. Qxg6 h6 28. Bxh6 1-0

[Event "Niedersachsen-ch op-B"]
[Site "Verden"]
[Date "2016.01.04"]
[Round "4"]
[White "Vladov, Mark"]
[Black "Ebeling, Hans Juergen"]
[Result "1-0"]
[WhiteElo "1765"]
[BlackElo "1662"]
[PlyCount "67"]
[EventDate "2016.01.03"]
[EventType "swiss"]
[EventRounds "7"]
[EventCountry "GER"]
[SourceTitle "EXT 2018"]
[Source "ChessBase"]
[SourceDate "2017.10.13"]
[SourceVersion "1"]
[SourceVersionDate "2017.10.13"]
[SourceQuality "1"]

1. c4 e5 2. Nc3 Nc6 3. Nf3 f5 4. e4 f4 5. a3 Nf6 6. d4 d6 7. dxe5 dxe5 8. Qxd8+ Kxd8 9. Bd3 Be6 10. b4 h6 11. Bb2 a6 12. Nd5 Bxd5 13. cxd5 Nxb4 14. axb4 Bxb4+ 15. Ke2 Bd6 16. Nxe5 Bxe5 17. Bxe5 Re8 18. Bxf6+ gxf6 19. Kf3 Rg8 20. Rhg1 Ke7 21. Kxf4 Rad8 22. Bc4 h5 23. d6+ cxd6 24. Bxg8 Rxg8 25. f3 Rc8 26. Rgc1 Rc5 27. Rxc5 dxc5 28. Rb1 b5 29. Ra1 Kd7 30. Rxa6 b4 31. Ke3 b3 32. Kd3 Kc7 33. Kc3 c4 34. Rxf6 1-0

[Event "MVP-ch Seniors op 15th"]
[Site "Binz"]
[Date "2015.11.26"]
[Round "3.42"]
[White "Vladov, Mark"]
[Black "Tuertmann, Dieter"]
[Result "0-1"]
[WhiteElo "1636"]
[BlackElo "1834"]
[PlyCount "68"]
[EventDate "2015.11.24"]
[EventType "swiss"]
[EventRounds "9"]
[EventCountry "GER"]
[SourceTitle "EXT 2017"]
[Source "ChessBase"]
[SourceDate "2016.10.25"]
[SourceVersion "1"]
[SourceVersionDate "2016.10.25"]
[SourceQuality "1"]

1. e4 c5 2. Nf3 d6 3. d4 cxd4 4. Nxd4 a6 5. Bc4 e6 6. Nc3 Nf6 7. Be3 b5 8. Bd3 Be7 9. g4 Bb7 10. g5 Nfd7 11. Qd2 Nc6 12. Nxc6 Bxc6 13. 0-0-0 Qc7 14. Kb1 Qb7 15. f3 Ne5 16. Qg2 a5 17. Ne2 a4 18. Bd4 Nxd3 19. cxd3 e5 20. Be3 d5 21. Ng3 d4 22. Bd2 g6 23. h4 Bd6 24. h5 Rf8 25. Rh4 b4 26. f4 b3 27. a3 Qe7 28. Bc1 Bb5 29. f5 Rc8 30. Qd2 Qc7 31. hxg6 hxg6 32. Rh7 Qc2+ 33. Ka1 Bxd3 34. Qxd3 Qxd3 0-1

[Event "MVP-ch Seniors op 15th"]
[Site "Binz"]
[Date "2015.11.24"]
[Round "1.27"]
[White "Manthey, Juergen"]
[Black "Vladov, Mark"]
[Result "1-0"]
[WhiteElo "1943"]
[BlackElo "1636"]
[PlyCount "67"]
[EventDate "2015.11.24"]
[EventType "swiss"]
[EventRounds "9"]
[EventCountry "GER"]
[SourceTitle "EXT 2017"]
[Source "ChessBase"]
[SourceDate "2016.10.25"]
[SourceVersion "1"]
[SourceVersionDate "2016.10.25"]
[SourceQuality "1"]

1. c4 e5 2. g3 Nf6 3. Bg2 Bc5 4. Nc3 0-0 5. d3 Nc6 6. Nf3 h6 7. 0-0 Re8 8. a3 a5 9. Rb1 d6 10. b3 Be6 11. Bb2 Qd7 12. e3 Bg4 13. Qc2 e4 14. dxe4 Nxe4 15. Nxe4 Rxe4 16. Qxe4 Bf5 17. Qh4 d5 18. cxd5 Nd8 19. Rbd1 Be7 20. Qd4 f6 21. Rc1 Bd6 22. Qd2 Nf7 23. Rfe1 Bg4 24. e4 a4 25. b4 Re8 26. Nd4 Ng5 27. f4 Nh3+ 28. Kh1 g5 29. f5 Nf4 30. Ne6 Qf7 31. gxf4 Rxe6 32. dxe6 Qh5 33. e5 fxe5 34. fxe5 1-0

[Event "Mecklenburg VP VL 1516"]
[Site "Mecklenburg VP"]
[Date "2015.10.11"]
[Round "2.8"]
[White "Pamperin, Gerhard"]
[Black "Vladov, Mark"]
[Result "1-0"]
[WhiteElo "1765"]
[BlackElo "1686"]
[PlyCount "103"]
[EventDate "2015.09.20"]
[EventType "team-tourn"]
[EventRounds "9"]
[EventCountry "GER"]
[SourceTitle "EXT 2022"]
[Source "ChessBase"]
[SourceDate "2021.10.06"]
[SourceVersion "1"]
[SourceVersionDate "2021.10.06"]
[SourceQuality "1"]
[WhiteTeam "Schwerin SF IV"]
[BlackTeam "Warnemuende SF Ostsee"]
[WhiteTeamCountry "GER"]
[BlackTeamCountry "GER"]

1. d4 Nf6 2. c4 g6 3. Nc3 Bg7 4. Nf3 0-0 5. e4 d6 6. Bd3 Nbd7 7. 0-0 e5 8. dxe5 dxe5 9. Bg5 c6 10. h3 Qc7 11. Qe2 h6 12. Be3 Nh5 13. g3 b6 14. Kg2 Rd8 15. Rfd1 Nf8 16. Qc2 Qd7 17. Ng1 Qe6 18. Be2 Rxd1 19. Rxd1 Nf6 20. b4 Bb7 21. c5 b5 22. a4 a6 23. Rd6 Qe7 24. Qd2 Kh7 25. Bd1 Ne8 26. Rd3 f5 27. Bb3 Nf6 28. f3 bxa4 29. Bxa4 Ne6 30. Nge2 Rd8 31. Rxd8 Qxd8 32. exf5 gxf5 33. Bc2 e4 34. fxe4 Qxd2 35. Bxd2 fxe4 36. Nxe4 Nxe4 37. Bxe4+ Kg8 38. Bd3 Kf8 39. h4 Ke7 40. Kf3 Nc7 41. Nf4 Bf8 42. Ng6+ Kf7 43. Nxf8 Kxf8 44. Bxh6+ Kf7 45. Bd2 Nd5 46. g4 Ke6 47. h5 Ke5 48. g5 Kd4 49. Be2 Bc8 50. g6 Nf6 51. Kf4 Be6 52. h6 1-0

[Event "GER-chA Seniors 27th"]
[Site "Magdeburg"]
[Date "2015.08.23"]
[Round "9"]
[White "Thonig, Manfred"]
[Black "Vladov, Mark"]
[Result "0-1"]
[WhiteElo "1668"]
[BlackElo "1790"]
[PlyCount "68"]
[EventDate "2015.08.15"]
[EventType "swiss"]
[EventRounds "9"]
[EventCountry "GER"]
[SourceTitle "EXT 2018"]
[Source "ChessBase"]
[SourceDate "2017.10.13"]
[SourceVersion "1"]
[SourceVersionDate "2017.10.13"]
[SourceQuality "1"]

1. f4 Nf6 2. Nf3 b6 3. e3 Bb7 4. Be2 d6 5. d4 Nbd7 6. 0-0 g6 7. c3 Bg7 8. Bd3 e6 9. Qc2 0-0 10. Nbd2 c5 11. b3 Rc8 12. c4 cxd4 13. exd4 d5 14. Ba3 Re8 15. Ne5 dxc4 16. Nxd7 Qxd7 17. bxc4 Qxd4+ 18. Kh1 Nd5 19. Nb3 Qf6 20. Qf2 Ne7 21. Bxe7 Qxe7 22. Rac1 Red8 23. Qe2 Rc7 24. Rcd1 Rcd7 25. Nc1 h5 26. h3 Qh4 27. Kh2 Bh6 28. g3 Qf6 29. Qf2 Rd4 30. Qe2 h4 31. Qe5 hxg3+ 32. Kg1 Qxe5 33. fxe5 Bxc1 34. Rxc1 Rxd3 0-1

[Event "Rostock SSC op 14th"]
[Site "Rostock"]
[Date "2015.08.01"]
[Round "6.26"]
[White "Schamber, Dennis"]
[Black "Vladov, Mark"]
[Result "1-0"]
[WhiteElo "1605"]
[BlackElo "1790"]
[PlyCount "45"]
[EventDate "2015.07.29"]
[EventType "swiss"]
[EventRounds "7"]
[EventCountry "GER"]
[SourceTitle "EXT 2019"]
[Source "ChessBase"]
[SourceDate "2018.10.10"]
[SourceVersion "1"]
[SourceVersionDate "2018.10.10"]
[SourceQuality "1"]

1. d4 Nf6 2. c4 e6 3. Nf3 b6 4. Bg5 h6 5. Bh4 Bb7 6. e3 d6 7. Nc3 Be7 8. Bd3 Nbd7 9. 0-0 0-0 10. Nd2 d5 11. Rc1 c5 12. dxc5 Nxc5 13. Bb1 d4 14. exd4 Qxd4 15. Bxf6 Bxf6 16. Qc2 g6 17. b3 Bg5 18. Rcd1 Qg4 19. f3 Be3+ 20. Kh1 Qh5 21. Nde4 Bxe4 22. Nxe4 Rad8 23. Nf6+ 1-0

[Event "Rostock SSC op 14th"]
[Site "Rostock"]
[Date "2015.07.31"]
[Round "4.38"]
[White "Vladov, Mark"]
[Black "Steinke, Paul"]
[Result "1-0"]
[WhiteElo "1790"]
[BlackElo "1472"]
[PlyCount "69"]
[EventDate "2015.07.29"]
[EventType "swiss"]
[EventRounds "7"]
[EventCountry "GER"]
[SourceTitle "EXT 2019"]
[Source "ChessBase"]
[SourceDate "2018.10.10"]
[SourceVersion "1"]
[SourceVersionDate "2018.10.10"]
[SourceQuality "1"]

1. d4 Nf6 2. c4 c5 3. d5 e6 4. Nc3 exd5 5. cxd5 d6 6. e4 g6 7. Nf3 a6 8. h3 Nbd7 9. Bg5 Bg7 10. Bd3 Qa5 11. 0-0 c4 12. Bc2 0-0 13. Bf4 Ne8 14. Bd2 Ne5 15. Nd4 Nd3 16. Nce2 Qc5 17. Bc3 f5 18. Bxd3 cxd3 19. Qxd3 fxe4 20. Qxe4 Nf6 21. Qd3 Nxd5 22. Nb3 Qc6 23. Bxg7 Kxg7 24. Rac1 Qe8 25. Qxd5 Qxe2 26. Qxd6 Qxb2 27. Rc7+ Rf7 28. Rxf7+ Kxf7 29. Rc1 Be6 30. Rc7+ Kf6 31. Qf4+ Bf5 32. g4 Qb1+ 33. Kh2 Qe4 34. g5+ Ke6 35. Nc5+ 1-0

[Event "Rostock SSC op 14th"]
[Site "Rostock"]
[Date "2015.07.29"]
[Round "1.33"]
[White "Vladov, Mark"]
[Black "Troyke, Jannis"]
[Result "0-1"]
[WhiteElo "1790"]
[BlackElo "1381"]
[PlyCount "92"]
[EventDate "2015.07.29"]
[EventType "swiss"]
[EventRounds "7"]
[EventCountry "GER"]
[SourceTitle "EXT 2019"]
[Source "ChessBase"]
[SourceDate "2018.10.10"]
[SourceVersion "1"]
[SourceVersionDate "2018.10.10"]
[SourceQuality "1"]

1. e3 Nf6 2. b3 c5 3. Bb2 e6 4. g3 Nc6 5. Bg2 d5 6. Ne2 Bd6 7. Nbc3 0-0 8. 0-0 b6 9. Nb5 Be7 10. c4 Bb7 11. d4 a6 12. Nbc3 dxc4 13. bxc4 Na5 14. Bxb7 Nxb7 15. d5 Qd6 16. e4 b5 17. cxb5 axb5 18. Nxb5 Qb6 19. Qd3 exd5 20. exd5 Nxd5 21. a4 Rad8 22. Qf3 Nd6 23. Qxd5 Nxb5 24. Qb3 Rd2 25. Nc3 c4 26. Qxc4 Nd6 27. Nd5 Nxc4 28. Nxb6 Nxb6 29. Bc3 Rc2 30. Bd4 Bc5 31. Rfd1 Bxd4 32. Rxd4 Rc4 33. Rd6 Nxa4 34. Ra6 Nc3 35. Kg2 Rd8 36. Ra7 Kf8 37. Re1 Re4 38. Rc1 Nd5 39. Rd1 Re7 40. Rda1 Rxa7 41. Rxa7 Ke8 42. f4 g6 43. Kf3 Nf6 44. h3 Rd3+ 45. Kf2 h5 46. h4 Ne4+ 0-1

[Event "MVP-ch Seniors op 14th"]
[Site "Binz"]
[Date "2014.12.02"]
[Round "8"]
[White "Goertz, Hans Georg"]
[Black "Vladov, Mark"]
[Result "1-0"]
[WhiteElo "1734"]
[BlackElo "1588"]
[PlyCount "71"]
[EventDate "2014.11.25"]
[EventType "swiss"]
[EventRounds "9"]
[EventCountry "GER"]
[SourceTitle "EXT 2016"]
[Source "ChessBase"]
[SourceDate "2015.10.08"]
[SourceVersion "1"]
[SourceVersionDate "2015.10.08"]
[SourceQuality "1"]

1. d4 Nf6 2. c4 g6 3. Nc3 Bg7 4. e4 d6 5. f3 Nbd7 6. Nge2 0-0 7. Be3 c6 8. Ng3 a6 9. Bd3 e5 10. d5 cxd5 11. exd5 Nc5 12. Bc2 a5 13. 0-0 Ne8 14. Nge4 b6 15. Qd2 f5 16. Nxc5 bxc5 17. a3 f4 18. Bf2 g5 19. Ne4 h6 20. b4 axb4 21. axb4 Rxa1 22. Rxa1 cxb4 23. Qxb4 Bf5 24. c5 Bxe4 25. Bxe4 Rf6 26. c6 Rf7 27. Ra6 Bf8 28. h3 Kg7 29. Rb6 Qa8 30. Rb7 Qa1+ 31. Kh2 Qf1 32. Bg1 Qc1 33. Qa5 h5 34. Rxf7+ Kxf7 35. Qa7+ Be7 36. Qd7 1-0

[Event "MVP-ch Seniors op 14th"]
[Site "Binz"]
[Date "2014.11.30"]
[Round "6"]
[White "Wulf, Adalbert"]
[Black "Vladov, Mark"]
[Result "0-1"]
[WhiteElo "1778"]
[BlackElo "1588"]
[PlyCount "68"]
[EventDate "2014.11.25"]
[EventType "swiss"]
[EventRounds "9"]
[EventCountry "GER"]
[SourceTitle "EXT 2016"]
[Source "ChessBase"]
[SourceDate "2015.10.08"]
[SourceVersion "1"]
[SourceVersionDate "2015.10.08"]
[SourceQuality "1"]

1. d4 Nf6 2. Nf3 g6 3. c4 Bg7 4. Nc3 0-0 5. e4 d6 6. Be2 Nbd7 7. 0-0 e5 8. d5 Nc5 9. Qc2 a5 10. Be3 b6 11. Ne1 Ng4 12. Bxg4 Bxg4 13. f3 Bd7 14. b3 f5 15. Nd3 Qh4 16. Nxc5 bxc5 17. Rad1 f4 18. Qf2 Qe7 19. Bd2 g5 20. h3 h5 21. Qe1 g4 22. hxg4 hxg4 23. Kf2 Bf6 24. Rh1 Bh4+ 25. Rxh4 Qxh4+ 26. Ke2 Qh2 27. Qf2 Rf7 28. Rf1 Rg7 29. Kd3 a4 30. Kc2 gxf3 31. gxf3 Rg2 32. Qe1 axb3+ 33. axb3 Bh3 34. Rh1 Rxd2+ 0-1